000 00957 a2200193 4500
999 _c2518
_d2518
020 _a9982110047
050 0 0 _aHC 800D.4 AUL 1985
100 _aAulakh, Harbans S.
245 0 0 _aEconomic development strategies for independent Namibia /
_cbased on the work of Harbans S. Aulakh and Wilfred W. Asombang.
264 _a Zambia:
_bUnited Nations Institute for Namibia;
_c1985
300 _avii, 158 p. :
_bill. ;
440 0 _aNamibia studies series ;
500 _aincludes index
504 _aIncludes bibliographies
650 _aEconomic policy.
651 0 _aNamibia
710 2 _aUnited Nations Institute for Namibia.
942 _2lcc
_cBK
_h800.D4
_iAUL
_kHC